000 00782cam a2200265 a 4500
001 131644
003 OSt
005 20180921
008 0000001985 USAAN 0000000000ENG00
020 _a0-912734-03-5
245 _aRemington's pharmaceutical sciences /
_cRemington's pharmaceutical sciences /
250 _a17ed.
260 _aEaston, Pennsylvania :
_bMack
300 _axvi, 1980p.
650 _aFARMACOLOGIA
700 _aI. Gennaro, Alfonso R., edit
040 _aDLC
_cDLC
942 _2ddc
_cBK
999 _c131644
_d13164400